Представление документа в формате MARC21

Поле Инд. ПП Название Значение
Тип записи a
Библиографический уровень m
001 Контрольный номер b87de6071e9047048c6fbffe482ae484
005 Дата корректировки 20191121111207.1
024 80 a Стандартный номер 10.02.04
040 a Служба первич. каталог. НБ ТвГУ
b Код языка каталог. rus
e Правила каталог. PSBO
041 0_ a Код языка текста rus
080 a Индекс УДК 811.111'42(043.3)
084 a Индекс другой классификации/Индекс ББК Ш143.21-006я031
084 a Индекс другой классификации/Индекс ББК Ш143.21-51я031
090 a Полочн. индекс Ш143.21
x Авторский знак М 20
097 b Оператор Semenova.ZR
100 1_ a Автор Малышева Екатерина Валерьевна
245 10 a Заглавие Вербально-тактильные регулятивы английского диалога в когнитивно-дискурсивном аспекте
b Продолж. заглавия диссертация ... доктора филологических наук : 10.02.04 – германские языки
c Ответственность науч. консультант А. А. Романов ; Твер. гос. ун-т
260 c Дата издания 2018
a Место издания Тверь
b Издательство б. и.
300 a Объем 390 с.
b Иллюстрации/ тип воспроизводства табл.
500 a Примечание На правах рукописи
502 a Примечание о диссертации Защищена 18.06.2019
504 a Библиография Библиогр.: с. 331-388
653 0_ a Ключевые слова Язык и речь
a Ключевые слова Лингвокультурология
a Ключевые слова Речевое поведение
a Ключевые слова Когнитивная лингвистика
a Ключевые слова Антрополингвистика
a Ключевые слова Лингвистика текста
a Ключевые слова Теория дискурса
a Ключевые слова Дискурс
a Ключевые слова Английский язык
a Ключевые слова Диалогическая речь
a Ключевые слова Диалоги
a Ключевые слова Вербально-тактильные регулятивы
a Ключевые слова Докторские диссертации
a Ключевые слова Диссертации
700 12 a Другие авторы Романов Алексей Аркадьевич
e Роль лиц Научный консультант
700 12 a Другие авторы Леонтович Ольга Аркадьевна
e Роль лиц Оппонент
700 12 a Другие авторы Левицкий Андрей Эдуардович
e Роль лиц Оппонент
700 12 a Другие авторы Карташкова Фаина Иосифовна
e Роль лиц Оппонент
710 12 a Организация/ юрисдикция Тверской государственный университет
e Роль коллектива место выполнения работы
710 12 a Организация/ юрисдикция Тверская государственная сельскохозяйственная академия
e Роль коллектива место выполнения работы
710 12 a Организация/ юрисдикция Российский государственный педагогический университет им. А. И. Герцена
e Роль коллектива ведущая организация
710 12 a Организация/ юрисдикция Тверской государственный университет
e Роль коллектива место защиты
901 t Тип документа d
920 a Оператор Семен
a Оператор Рунт
a Оператор Стро
930 a Новая/Ретро новая
952 c Вид литературы Дис н
954 b Дата поступления в ОК 20191010
a Дата поступления на обработку 20191113
c Дата окончания ОНО 20191121